LEADER 01745nam 2200373Ia 450 001 996392134803316 005 20221108002210.0 035 $a(CKB)1000000000678923 035 $a(EEBO)2240861390 035 $a(OCoLC)18367811 035 $a(EXLCZ)991000000000678923 100 $a19880818d1661 uy | 101 0 $aeng 135 $aurbn||||a|bb| 200 10$aWhereas for sundry good causes and considerations, we have thought it convenient and necessary to prorogue the present Parliament ..$b[electronic resource] /$fby the Lords Justices, Mau. Eustace canc., Orrery, Mountrath 210 $aDublin $cPrinted by John Crook ... and are to be sold by Sam. Dancer ...$d1661 215 $a1 broadside 300 $aTitle from first 3 lines of text. 300 $aStatement of responsibility transposed from head of title. 300 $a"Given at Dublin the tenth day of December, in the thirteenth year of the reign of our Soveraign Lord Charles the Second, by the grace of God King of Great Britain, France and Ireland. 1661." 300 $aReproduction of original in the Society of Antiquaries Library, London. 330 $aeebo-0147 607 $aIreland$xHistory$y1660-1688 607 $aIreland$xPolitics and government$y17th century 701 $aEustace$b Maurice$cSir,$fca. 1590-1661.$01001457 701 $aMountrath$b Charles Coote$cEarl of,$fca. 1610-1661.$01001458 701 $aOrrery$b Roger Boyle$cEarl of,$f1621-1679.$028582 801 0$bEAJ 801 1$bEAJ 801 2$bWaOLN 906 $aBOOK 912 $a996392134803316 996 $aWhereas for sundry good causes and considerations, we have thought it convenient and necessary to prorogue the present Parliament .$92360168 997 $aUNISA LEADER 01640nam 2200409z- 450 001 9910694003403321 005 20060809162020.0 035 $a(CKB)5860000000019379 035 $a(BIP)013663321 035 $a(EXLCZ)995860000000019379 100 $a20220406c2005uuuu -u- - 101 0 $aeng 200 14$aThe commerce and consumer protection implications of Hurricane Katrina $ehearing before the Subcommittee on Commerce, Trade, and Consumer Protection of the Committee on Energy and Commerce, House of Representatives, One Hundred Ninth Congress, first session, September 22, 2005 215 $a1 online resource (iii, 49 p.) 311 $a0-16-076421-1 517 $aCommerce and consumer protection implications of Hurricane Katrina 606 $aHurricane Katrina, 2005$xEconomic aspects 606 $aDisaster relief$zGulf States 606 $aFraud$zGulf States$xPrevention 606 $aConsumer protection$zGulf States 610 $aHurricane katrina, 2005 610 $aDisaster relief 610 $aFraud 610 $aConsumer protection 610 $aGulf states 610 $aNature 610 $aSocial science 610 $aReference 615 0$aHurricane Katrina, 2005$xEconomic aspects. 615 0$aDisaster relief 615 0$aFraud$xPrevention. 615 0$aConsumer protection 712 02$aUnited States, Congress House Committee on Energy and Commerce Subcommittee on Commerce, Trade, and Consumer Protection Staff,$4oth 906 $aBOOK 912 $a9910694003403321 996 $aThe commerce and consumer protection implications of Hurricane Katrina$93216877 997 $aUNINA